000 00289nam a2200109 4500
999 _c516073
_d516073
082 _aTNC H5X54 T952
100 _aTyagi, B.S.
_922414
245 _aJudicial activism in India
260 _aNew Delhi
_bSrishti
_c2000
300 _a206p.
650 _aJudicial process - India, judges
_922415